000 00400pab a2200169 454500
008 180718b2007 xxu||||| |||| 00| 0 eng d
100 _aMurugan, C. Siva
245 _aOrganic farming: its relevance to the Indian context
260 _c2007
300 _ap.16-18.
362 _aFeb
650 _aAgriculture
700 _aAnbumani, V.
773 _aKurukshetra
908 _aN
909 _a73175
999 _c73175
_d73175